| 000 | 00363nam a2200157Ia 4500 | ||
|---|---|---|---|
| 008 | 200103s9999||||xx |||||||||||||| ||und|| | ||
| 020 | _a9780114003678 | ||
| 040 | _aIMU-MPC | ||
| 082 | _aColumn-43 | ||
| 100 | _a HMSO, London | ||
| 245 | 0 | _aMarine Observer's Handbook | |
| 250 | _a11th Ed. | ||
| 260 |
_bHMSO, London _c1995 |
||
| 300 | _avii, 227 | ||
| 942 | _cBK | ||
| 999 |
_c8837 _d8837 |
||